=LDR 00000nam 2200000 4500 =001 NUTBA000000000003775 =005 20140827084559.0 =006 =007 =008 =020 ##$$a 978-979-29-2665-1 =035 ##$$0010-081400000000620 =040 ##$$a NBPDMAT =082 ##$$a 616 =084 ##$$a 616 Dit e =090 ##$$a 616 Dit e =100 ##$$a Dito Anurogo =245 ##$$a 45 Penyakit Aneh dan Khusus : Seluk Beluk dan Solusi Khusus yang Wajib Kita tahu / $c Dito Anurogo,Ari Wulandari =250 ##$$a Cet. 1 =260 ##$$a Yogyakarta : $b Andi, $c 2011 =300 ##$$a iv, 210 hlm. : $b ilus. ; $c 21 cm. =650 ##$$a penyakit =700 ##$$a Ari Wulandari =850 ##$$a NBPDMAT =990 ##$$a 21409027 =990 ##$$a 0001/BPAP-NTB/20142014 =990 ##$$a 0001/BPAP-NTB/20142014 =990 ##$$a 0001/BPAP-NTB/20142014 =990 ##$$a 0001/BPAP-NTB/20142014 =990 ##$$a 0001/BPAP-NTB/20142014 =990 ##$$a 0001/BPAP-NTB/2015